000 00475nam a2200145 a 4500
001 000029055
005 20200930055313.0
008 110413s1991 dr 000 0 spa d
111 1 _aCoferencia nacional de trabajadores dominicanos
_d(1991:
_cSanto Domingo )
_955964
245 1 4 _aLos 20 años de la CNTD.
246 _aLos veinte años de la CNTD
260 _aSanto Domingo :
_bConsejo Nacional CNTD,
_c1991.
300 _a19 p. :
_bil., retrs. ;
_c22 cm.
999 _c28547
_d28547
040 _aDO-SdBNP